|
|
|
|
| LEADER |
00000nam0a2200000 4500 |
| 001 |
16186 |
| 005 |
20231030190444.0 |
| 035 |
|
|
|a (RuTPU)RU\TPU\book\16308
|
| 035 |
|
|
|a BOOK00000996
|
| 090 |
|
|
|a 16186
|
| 100 |
|
|
|a 20011209d1974 k y0rusy50 ca
|
| 101 |
0 |
|
|a rus
|
| 102 |
|
|
|a RU
|
| 105 |
|
|
|a y z 000zy
|
| 200 |
1 |
|
|a Революционное движение в Сибири и на Дальнем Востоке
|h Вып. 7
|f под ред. В. С. Флерова
|
| 210 |
|
|
|a Томск
|c Изд-во ТГУ
|d 1974
|
| 215 |
|
|
|a 192 с.
|
| 610 |
1 |
|
|a история
|
| 610 |
1 |
|
|a Сибирь
|
| 610 |
1 |
|
|a Дальний Восток
|
| 610 |
1 |
|
|a партийные организации
|
| 610 |
1 |
|
|a КПСС
|
| 610 |
1 |
|
|a революционное движение
|
| 686 |
|
|
|a Т3(2Р5)
|v LBC/SL-A
|2 rubbk
|
| 686 |
|
|
|a Т3(2Р54)
|v LBC/SL-A
|2 rubbk
|
| 702 |
|
1 |
|a Флеров
|b В. С.
|4 340
|
| 801 |
|
0 |
|a RU
|b 63413507
|c 20011209
|g PSBO
|
| 801 |
|
2 |
|a RU
|b 63413507
|c 20221129
|g PSBO
|
| 942 |
|
|
|c BK
|